<?xml version="1.0" encoding="UTF-8"?><marc:collection xmlns:marc="http://www.loc.gov/MARC21/slim">
  <marc:record>
    <marc:leader>00000nam  2200000za 4500</marc:leader>
    <marc:controlfield tag="001">9.846739</marc:controlfield>
    <marc:controlfield tag="003">CaOODSP</marc:controlfield>
    <marc:controlfield tag="005">20221107153256</marc:controlfield>
    <marc:controlfield tag="007">cr |||||||||||</marc:controlfield>
    <marc:controlfield tag="008">171107t20072004onca|||#o    f000 0 fre d</marc:controlfield>
    <marc:datafield tag="040" ind1=" " ind2=" ">
      <marc:subfield code="a">CaOODSP</marc:subfield>
      <marc:subfield code="b">fre</marc:subfield>
    </marc:datafield>
    <marc:datafield tag="043" ind1=" " ind2=" ">
      <marc:subfield code="a">n-cn---</marc:subfield>
    </marc:datafield>
    <marc:datafield tag="086" ind1="1" ind2=" ">
      <marc:subfield code="a">NH15-426/2007F-PDF</marc:subfield>
    </marc:datafield>
    <marc:datafield tag="245" ind1="0" ind2="0">
      <marc:subfield code="a">Introduction à l'entretien des maisons </marc:subfield>
      <marc:subfield code="h">[ressource électronique] : </marc:subfield>
      <marc:subfield code="b">guide pour les occupants.</marc:subfield>
    </marc:datafield>
    <marc:datafield tag="250" ind1=" " ind2=" ">
      <marc:subfield code="a">Rév. 2007</marc:subfield>
    </marc:datafield>
    <marc:datafield tag="260" ind1=" " ind2=" ">
      <marc:subfield code="a">[Ottawa] : </marc:subfield>
      <marc:subfield code="b">Société canadienne d’hypothèques et de logement, </marc:subfield>
      <marc:subfield code="c">2007. c2004.</marc:subfield>
    </marc:datafield>
    <marc:datafield tag="300" ind1=" " ind2=" ">
      <marc:subfield code="a">x, 124 p. : </marc:subfield>
      <marc:subfield code="b">ill. </marc:subfield>
    </marc:datafield>
    <marc:datafield tag="490" ind1="1" ind2=" ">
      <marc:subfield code="a">Des logements de qualité pour les Premières nations</marc:subfield>
    </marc:datafield>
    <marc:datafield tag="500" ind1=" " ind2=" ">
      <marc:subfield code="a">Publié aussi en anglais sous le titre : Basic home mainteance : home occupants' guide.</marc:subfield>
    </marc:datafield>
    <marc:datafield tag="504" ind1=" " ind2=" ">
      <marc:subfield code="a">Comprend des réf. bibliogr.</marc:subfield>
    </marc:datafield>
    <marc:datafield tag="505" ind1="2" ind2=" ">
      <marc:subfield code="a">Introduction à l’entretien des maisons -- Liste de contrôle pour l’entretien d’une maison -- L’utilisation sécuritaire des échelles -- Vides sanitaires -- Étanchéisation des ouvertures dans le parement -- Réparation du parement en vinyle -- Réparation du parement en bois -- Réparation du stuc -- Nettoyage du bardage et du stuc -- Gouttières et descentes pluviales -- Réparation du toit : Bardeaux d’asphalte -- Réparation du toit : Bardeaux de sciage et de fente -- Robinets d’arrêt et interrupteurs principaux -- Fenêtres -- Portes -- Réparation des murs et des plafonds -- Peinture -- Nettoyage des éviers, des baignoires et des cabines de douche -- Remplacement du mastic d’étanchéité dans les salles de bains et les cuisines -- Réparation des tuyaux d’évacuation d’eaux usées qui fuient -- Réparation des robinets -- Réparation des toilettes -- Chauffe-eau -- Entretien des installations d’assainissement -- La Maison saine et la qualité de l’air intérieur -- Contrôle de l’humidité -- Ventilation -- Guide de sensibilisation des occupants aux méfaits de la moisissure -- Entretien préventif des appareils -- Sécurité incendie -- Avertisseurs de fumée -- Chauffage au bois et cheminées -- Thermostats -- Entretien des générateurs d’air chaud -- Besoin d’aide -- Glossaire des termes d’habitation.</marc:subfield>
    </marc:datafield>
    <marc:datafield tag="520" ind1=" " ind2=" ">
      <marc:subfield code="a">« La présente publication traite des problèmes d’entretien général communs aux collectivités des Premières nations »--p. iv.</marc:subfield>
    </marc:datafield>
    <marc:datafield tag="692" ind1="0" ind2="7">
      <marc:subfield code="2">gccst</marc:subfield>
      <marc:subfield code="a">Logement</marc:subfield>
    </marc:datafield>
    <marc:datafield tag="692" ind1="0" ind2="7">
      <marc:subfield code="2">gccst</marc:subfield>
      <marc:subfield code="a">Entretien</marc:subfield>
    </marc:datafield>
    <marc:datafield tag="710" ind1="2" ind2=" ">
      <marc:subfield code="a">Société canadienne d'hypothèques et de logement.</marc:subfield>
    </marc:datafield>
    <marc:datafield tag="775" ind1="0" ind2="8">
      <marc:subfield code="t">Basic home maintenance </marc:subfield>
      <marc:subfield code="w">(CaOODSP)9.846730</marc:subfield>
    </marc:datafield>
    <marc:datafield tag="856" ind1="4" ind2="0">
      <marc:subfield code="q">PDF</marc:subfield>
      <marc:subfield code="s">6.32 Mo</marc:subfield>
      <marc:subfield code="u">https://publications.gc.ca/collections/collection_2017/schl-cmhc/NH15-426-2007-fra.pdf</marc:subfield>
    </marc:datafield>
    <marc:datafield tag="986" ind1=" " ind2=" ">
      <marc:subfield code="a">OPIMS # 63588</marc:subfield>
    </marc:datafield>
  </marc:record>
</marc:collection>
